Spoken-conversational english : (Record no. 7676)

MARC details
000 -LEADER
fixed length control field 00572cam a2200217ua 4500
001 - CONTROL NUMBER
control field 8582
005 - DATE AND TIME OF LATEST TRANSACTION
control field 20260515114342.0
008 - FIXED-LENGTH DATA ELEMENTS--GENERAL INFORMATION
fixed length control field 150206n ii |||gr||||Z||||||eng
020 ## - INTERNATIONAL STANDARD BOOK NUMBER
International Standard Book Number 8120717236
040 ## - CATALOGING SOURCE
Transcribing agency MAIN
041 ## - LANGUAGE CODE
Language code of text/sound track or separate title eng
082 ## - DEWEY DECIMAL CLASSIFICATION NUMBER
Classification number 414
100 ## - MAIN ENTRY--PERSONAL NAME
Personal name Mohanraj, J.,
Relator term Author.
245 1# - TITLE STATEMENT
Title Spoken-conversational english :
Remainder of title Resourse book for teachers of english /
Statement of responsibility, etc. By Jayashree Mohanraj .
250 ## - EDITION STATEMENT
Edition statement 1st.
260 ## - PUBLICATION, DISTRIBUTION, ETC.
Place of publication, distribution, etc. New Delhi:
Name of publisher, distributor, etc. Sterling,
Date of publication, distribution, etc. 1996.
300 ## - PHYSICAL DESCRIPTION
Extent x,100p.
653 ## - INDEX TERM--UNCONTROLLED
Uncontrolled term Phonology & phonetics
653 ## - INDEX TERM--UNCONTROLLED
Uncontrolled term Spoken english
942 ## - ADDED ENTRY ELEMENTS (KOHA)
Koha item type Books
Holdings
Withdrawn status Lost status Damaged status Not for loan Home library Current library Shelving location Date acquired Total checkouts Full call number Barcode Date last seen Copy number Price effective from Koha item type
        Naharkatiya College Library Naharkatiya College Library General stacks 09/19/2020   414 | MOH 4600 09/19/2020 1 09/19/2020 Books